Statistics for Random Papa's Gameria Customers

Click here to take the quiz!

General Stats

  • This quiz has been taken 14 times
  • The average score is 12 of 20

Answer Stats

Answer% Correct
Allan
100%
Austin
100%
Brody
100%
Chester
100%
Emmlette
100%
Foodini
100%
Gino Romano
100%
Hank
100%
Hope
100%
Hugo
100%
Janana
100%
Johnny
100%
Joy
100%
Kingsley
100%
LePete
100%
Mayor Mallow
100%
Mitch
100%
Nevada
100%
Nick
100%
Olga
100%
Papa Louie
100%
Pinch Hitwell
100%
Professor Fitz
100%
Quinn
100%
Radlynn
100%
Rhonda
100%
Rico
100%
Rita
100%
Robby
100%
Sarge Fan
100%
Sasha
100%
Scarlett
100%
Alberto
50%
Boomer
50%
Cameo
50%
Iggy
50%
Indigo
50%
Isadora
50%
Ivy
50%
Kahuna
50%
Koilee
50%
Mandi
50%
Akari
0%
Ally Kabam
0%
Amiria
0%
Amy
0%
Bertha
0%
Big Pauly
0%
Boopsy & Bill
0%
Bruna Romano
0%
Budwin
0%
Captain Cori
0%
Carlo Romano
0%
Cecilia
0%
Chase
0%
Cherissa
0%
Chuck
0%
C.J. Friskins
0%
Clair
0%
Cletus
0%
Clover
0%
Cooper
0%
Crystal
0%
Daniela
0%
Deano
0%
Didar
0%
Doan
0%
Drakson
0%
Duke Gotcha
0%
Edna
0%
Elle
0%
Ember
0%
Evelyn
0%
Fernanda
0%
Franco
0%
Gabitha
0%
Georgito
0%
Greg
0%
Gremmie
0%
Hacky Zak
0%
James
0%
Jojo
0%
Julep
0%
Kaleb
0%
Kasey O
0%
Kayla
0%
Kenji
0%
Kenton
0%
Liezel
0%
Lisa
0%
Little Edoardo
0%
Lloyd
0%
Maggie
0%
Makaila
0%
Marty
0%
Mary
0%
Matt
0%
Mesa
0%
Mindy
0%
Moe
0%
Mousse
0%
Mr. Bombolony
0%
Nye
0%
Okalani
0%
Olivia
0%
Orion
0%
Pally
0%
Peggy
0%
Penny
0%
Perri
0%
Petrona
0%
Prudence
0%
Ripley
0%
Rithy
0%
Rollie
0%
Roy
0%
Rudy
0%
Santa
0%
Scooter
0%
Seymour
0%
Shannon
0%
Sienna
0%
Simone
0%
Skip
0%
Skyler
0%
Sprinks the Clown
0%
Steven
0%
Sue
0%
Taylor
0%
Timm
0%
Tohru
0%
Tony
0%
Treble
0%
Trishna
0%
Utah
0%
Vicky
0%
Vincent
0%
Wally
0%
Wendy
0%
Whiff
0%
Whippa
0%
Willow
0%
Wylan B
0%
Xandra
0%
Xolo
0%
Yippy
0%
Yui
0%
Yuko
0%
Zoe
0%

Score Distribution

Percentile by Number Answered

Percent of People with Each Score

Your Score History

You have not taken this quiz